Nobel Peace Prize Laureates by Picture - Statistics

General Stats
  • This quiz has been taken 23 times
  • The average score is 30 of 111
Answer Stats
Picture Hint Answer % Correct
1990 Soviet Union Mikhail Gorbachev
100%
1993 South Africa Nelson Mandela
100%
2009 United States Barack Obama
95%
1964 United States Martin Luther King Jr.
95%
1979 India (Born in Ottoman Empire) Mother Teresa
95%
2002 United States Jimmy Carter
91%
1989 India (Born in Tibet) Tenzin Gyatso, 14th Dalai Lama
91%
2001 Ghana Kofi Annan
86%
1984 South Africa Desmond Tutu
82%
1973 United States Henry Kissinger
82%
1994 Palestine Yasser Arafat
82%
2007 United States Al Gore
77%
1906 United States Theodore Roosevelt
77%
1971 West Germany Willy Brandt
73%
1919 United States Woodrow Wilson
73%
1993 South Africa Frederik Willem de Klerk
68%
1994 Israel Yitzhak Rabin
68%
1983 Poland Lech Wałęsa
64%
1994 Israel Shimon Peres
59%
1978 Israel Menachem Begin
55%
1978 Egypt Muhammad Anwar el-Sadat
55%
1991 Burma Aung San Suu Kyi
50%
2014 Pakistan Malala Yousafzai
50%
1901 Switzerland Henry Dunant
41%
1975 Soviet Union Andrei Sakharov
36%
1905 Austria-Hungary Bertha von Suttner
36%
2011 Liberia Ellen Johnson Sirleaf
36%
2019 Ethiopia Abiy Ahmed
32%
1922 Norway Fridtjof Nansen
32%
1962 United States Linus Pauling
32%
2006 Bangladesh Muhammad Yunus
32%
1992 Guatemala Rigoberta Menchú
32%
1953 United States George Catlett Marshall Jr.
27%
1952 France Albert Schweitzer
23%
1925 United States Charles Gates Dawes
23%
1961 Sweden Dag Hammarskjöld
23%
1998 United Kingdom David Trimble
23%
1986 United States (born in Romania) Elie Wiesel
23%
2016 Colombia Juan Manuel Santos
23%
1973 North Vietnam (Declined) Lê Đức Thọ
23%
1957 Canada Lester B. Pearson
23%
1987 Costa Rica Óscar Arias
23%
1968 France René Cassin
23%
2023 Iran Narges Mohammadi
18%
2003 Iran Shirin Ebadi
18%
1980 Argentina Adolfo Pérez Esquivel
14%
1960 South Africa Albert Lutuli
14%
1911 Austria-Hungary Alfred Fried
14%
1926 France Aristide Briand
14%
1934 United Kingdom Arthur Henderson
14%
1936 Argentina Carlos Saavedra Lamas
14%
2018 Democratic Republic of the Congo Denis Mukwege
14%
1907 Italy Ernesto Teodoro Moneta
14%
1929 United States Frank Billings Kellogg
14%
1901 France Frédéric Passy
14%
1926 Germany Gustav Stresemann
14%
1998 Ireland John Hume
14%
1996 East Timor José Ramos-Horta
14%
2010 China Liu Xiaobo
14%
1907 France Louis Renault
14%
2021 Philippines Maria Ressa
14%
2008 Finland Martti Ahtisaari
14%
2005 Egypt Mohamed ElBaradei
14%
2018 Iraq Nadia Murad
14%
1950 United States Ralph Bunche
14%
1911 Netherlands Tobias Asser
14%
2022 Belarus Ales Bialiatski
9%
1982 Mexico Alfonso García Robles
9%
1982 Sweden Alva Myrdal
9%
1976 United Kingdom Betty Williams
9%
1996 East Timor Carlos Filipe Ximenes Belo
9%
1935 Germany Carl von Ossietzky
9%
1902 Switzerland Charles Albert Gobat
9%
1921 Norway Christian Lange
9%
1945 United States Cordell Hull
9%
2021 Russia Dmitry Muratov
9%
1958 Belgium Dominique Pire, O.P.
9%
1974 Japan Eisaku Satō
9%
1902 Switzerland Élie Ducommun
9%
1912 United States Elihu Root
9%
1927 France Ferdinand Buisson
9%
1908 Denmark Fredrik Bajer
9%
1913 Belgium Henri La Fontaine
9%
1931 United States Jane Addams
9%
1997 United States Jody Williams
9%
1995 Poland Józef Rotblat
9%
2000 South Korea Kim Dae-jung
9%
1908 Sweden Klas Pontus Arnoldson
9%
2011 Liberia Leymah Gbowee
9%
1927 Germany Ludwig Quidde
9%
1976 United Kingdom Mairead Corrigan
9%
1931 United States Nicholas Murray Butler
9%
1909 France Paul Henri d`Estournelles de Constant
9%
1959 United Kingdom Philip Noel-Baker
9%
1937 United Kingdom Robert Cecil, 1st Viscount Cecil of Chelwood
9%
1974 Ireland Seán MacBride
9%
1925 United Kingdom Sir Austen Chamberlain
9%
1933 United Kingdom Sir Norman Angell
9%
2011 Liberia Tawakkul Karman
9%
2004 Kenya Wangari Muta Maathai
9%
1903 United Kingdom William Randal Cremer
9%
1909 Belgium Auguste Beernaert
5%
1946 United States Emily Greene Balch
5%
1921 Sweden Hjalmar Branting
5%
1949 United Kingdom John Boyd-Orr
5%
1946 United States John Raleigh Mott
5%
2014 India Kailash Satyarthi
5%
1920 France Léon Bourgeois
5%
1951 France Léon Jouhaux
5%
1930 Sweden Nathan Söderblom
5%
1970 United States Norman Ernest Borlaug
5%
No matching quizzes found
Score Distribution
Percent of People with Each Score
Percentile by Number Answered
Your Score History
You have not taken this quiz